Mecánica de Materiales / F. R. Shanley (Registro nro. 21846)
[ vista simple ]
| 000 -LÍDER | |
|---|---|
| fixed length control field | 00637nam a2200157 4500 |
| 008 - ELEMENTOS DE LONGITUD FIJA -- INFORMACIÓN GENERAL | |
| fixed length control field | 01970 1976 0aent000 0MEX |
| 020 ## - NÚMERO INTERNACIONAL NORMALIZADO PARA LIBROS | |
| ISBN | s/n |
| 082 ## - NUMERO DE CLASIFICACION DECIMAL DEWEY | |
| Número de Clasificación | 620.1 S777m |
| 100 ## - ASIENTO PRINCIPAL--NOMBRE PERSONAL | |
| Nombre personal | Shanley, F. R. |
| 245 ## - TÍTULO | |
| Título | Mecánica de Materiales / F. R. Shanley |
| 250 ## - MENCIÓN DE EDICIÓN | |
| Mención de edición | 1a |
| 260 ## - PUBLICACIÓN, DISTRIBUCIÓN, ETC. (PIE DE IMPRENTA) | |
| Lugar de publicación, distribución, etc. | México : McGraw-Hill |
| 300 ## - DESCRIPCIÓN FÍSICA | |
| Extensión | xvi, 471p. / 24cm. |
| 650 ## - ASIENTO SECUNDARIO DE MATERIA - TERMINO TEMÁTICO | |
| Término temático o nombre geográfico como elemento de entrada | 1. MECÁNICA DE MATERIALES \ 2. ESTADO DE DEFORMACIÓN \ 3. RELACIONES ELÁSTICAS Y PLÁSTICAS DE ESFUERZO-DEFORMACIÓN \ 4. ANÁLISIS Y CORTANTE POR FLEXIÓN \ 5. UNIONES Y CONECCIONES \ 6. SISTEMAS ESTRUCTURALES ELEMENTALES |
| 700 ## - ASIENTO SECUNDARIO - NOMBRE PERSONAL | |
| Nombre personal | I. Martínez M rquez, Alejandro, Tr. |
| No. biblioteca | No. biblioteca | Número de clasificación | Código de barras/Número de adquisición | Número de copia | Tipo de material |
|---|---|---|---|---|---|
| LUIS G. INCLAN | LUIS G. INCLAN | 620.1 S777m | 4973 | 1 | Libros |
| LUIS G. INCLAN | LUIS G. INCLAN | 620.1 S777m | 4974 | 2 | Libros |
| LUIS G. INCLAN | LUIS G. INCLAN | 620.1 S777m | 4975 | 3 | Libros |
| LUIS G. INCLAN | LUIS G. INCLAN | 620.1 S777m | 4976 | 4 | Libros |
| LUIS G. INCLAN | LUIS G. INCLAN | 620.1 S777m | 4977 | 5 | Libros |
| LUIS G. INCLAN | LUIS G. INCLAN | 620.1 S777m | 4978 | 6 | Libros |
| LUIS G. INCLAN | LUIS G. INCLAN | 620.1 S777m | 4979 | 7 | Libros |
| LUIS G. INCLAN | LUIS G. INCLAN | 620.1 S777m | 4980 | 8 | Libros |
| LUIS G. INCLAN | LUIS G. INCLAN | 620.1 S777m | 4981 | 9 | Libros |
